[Event "Plovdiv"]
[Site "Plovdiv"]
[Date "1982.08.26"]
[Round "11"]
[White "Georgiev, Krum"]
[Black "Commons, Kim S"]
[Result "1/2-1/2"]
[WhiteElo "2465"]
[BlackElo "2465"]
[PlyCount "70"]
[EventDate "1982.08.14"]
[EventType "tourn"]
[EventRounds "13"]
[EventCountry "BUL"]
[EventCategory "9"]
[SourceTitle "MCD"]
[Source "ChessBase"]
[SourceDate "1999.07.01"]
[SourceVersion "1"]
[SourceVersionDate "1999.07.01"]
[SourceQuality "1"]

1. e4 e5 2. Nf3 Nc6 3. Bb5 a6 4. Ba4 Nf6 5. 0-0 Be7 6. Re1 b5 7. Bb3 0-0 8. d4 d6 9. c3 Bg4 10. Be3 Bh5 11. Nbd2 Na5 12. Bc2 Ng4 13. b4 Nxe3 14. Rxe3 exd4 15. cxd4 Nc6 16. Qb1 Re8 17. Rc3 Qd7 18. e5 Bg6 19. Bxg6 hxg6 20. a3 dxe5 21. dxe5 Rad8 22. Qb3 Bf8 23. Re1 a5 24. Rce3 axb4 25. e6 fxe6 26. Rxe6 Rxe6 27. Rxe6 Na5 28. Qe3 bxa3 29. Ra6 Re8 30. Qf4 Nc4 31. Nf1 Bd6 32. Qh4 Be7 33. Qe4 Bf6 34. Qxg6 c6 35. Ra7 Qxa7 1/2-1/2

[Event "Plovdiv"]
[Site "Plovdiv"]
[Date "1982.08.21"]
[Round "7"]
[White "Commons, Kim S"]
[Black "Nogueiras Santiago, Jesus"]
[Result "1/2-1/2"]
[WhiteElo "2465"]
[BlackElo "2495"]
[PlyCount "22"]
[EventDate "1982.08.14"]
[EventType "tourn"]
[EventRounds "13"]
[EventCountry "BUL"]
[EventCategory "9"]
[SourceTitle "MCD"]
[Source "ChessBase"]
[SourceDate "1999.07.01"]
[SourceVersion "1"]
[SourceVersionDate "1999.07.01"]
[SourceQuality "1"]

1. Nf3 d5 2. c4 e6 3. d4 Nf6 4. e3 c5 5. cxd5 exd5 6. Be2 Nc6 7. 0-0 Be7 8. b3 0-0 9. Nc3 Ne4 10. Bb2 cxd4 11. Nxd4 Nxd4 1/2-1/2

[Event "Plovdiv"]
[Site "Plovdiv"]
[Date "1982.08.20"]
[Round "6"]
[White "Osnos, Viatcheslav"]
[Black "Commons, Kim S"]
[Result "1-0"]
[WhiteElo "2455"]
[BlackElo "2465"]
[PlyCount "59"]
[EventDate "1982.08.14"]
[EventType "tourn"]
[EventRounds "13"]
[EventCountry "BUL"]
[EventCategory "9"]
[SourceTitle "MCD"]
[Source "ChessBase"]
[SourceDate "1999.07.01"]
[SourceVersion "1"]
[SourceVersionDate "1999.07.01"]
[SourceQuality "1"]

1. d4 Nf6 2. c4 e6 3. Nf3 c5 4. d5 exd5 5. cxd5 d6 6. Nc3 g6 7. g3 Bg7 8. Bg2 0-0 9. 0-0 a6 10. a4 Nbd7 11. Nd2 Nh5 12. Nde4 Qe7 13. Bg5 f6 14. Bd2 Ne5 15. Qb3 Nf7 16. f4 f5 17. Nf2 Qc7 18. e4 Rb8 19. exf5 gxf5 20. Rfe1 b5 21. axb5 axb5 22. Nxb5 Qb7 23. Bf1 Nf6 24. Bc4 Nxd5 25. Qd3 Qd7 26. Qxd5 Rxb5 27. Bxb5 Qxb5 28. Ra7 Bxb2 29. Rxf7 Rxf7 30. Re7 1-0

[Event "Lone Pine op Louis D. Statham Masters"]
[Site "Lone Pine"]
[Date "1978.04.02"]
[Round "1"]
[White "Morris, Walter D"]
[Black "Commons, Kim S"]
[Result "0-1"]
[WhiteElo "2325"]
[BlackElo "2485"]
[PlyCount "58"]
[EventDate "1978.04.02"]
[EventType "swiss"]
[EventRounds "9"]
[EventCountry "USA"]
[SourceTitle "MCL"]
[Source "ChessBase"]
[SourceDate "1999.07.01"]
[SourceVersion "1"]
[SourceVersionDate "1999.07.01"]
[SourceQuality "1"]

1. e4 d5 2. exd5 Nf6 3. c4 c6 4. d4 cxd5 5. Nc3 e6 6. Nf3 Bb4 7. Bd3 dxc4 8. Bxc4 Qc7 9. Qe2 0-0 10. 0-0 b6 11. Bg5 Bxc3 12. bxc3 Nbd7 13. Rac1 Bb7 14. Bd3 Rfe8 15. Rfe1 Rac8 16. c4 Qd6 17. Rcd1 Qc6 18. Qe3 h6 19. Bh4 Ba6 20. Ne5 Nxe5 21. dxe5 Nd7 22. Qg3 Kf8 23. Re4 Bb7 24. Rd4 Nc5 25. Rd6 Qa4 26. Bh7 Ne4 27. Bxe4 Bxe4 28. Qe3 Rxc4 29. Rd8 Bd5 0-1

[Event "USA-ch"]
[Site "Pasadena"]
[Date "1978.??.??"]
[Round "14"]
[White "Commons, Kim S"]
[Black "Byrne, Robert Eugene"]
[Result "0-1"]
[WhiteElo "2485"]
[BlackElo "2550"]
[PlyCount "74"]
[EventDate "1978.06.??"]
[EventType "tourn"]
[EventRounds "15"]
[EventCountry "USA"]
[EventCategory "10"]
[SourceTitle "MCD"]
[Source "ChessBase"]
[SourceDate "1999.07.01"]
[SourceVersion "1"]
[SourceVersionDate "1999.07.01"]
[SourceQuality "1"]

1. c4 e6 2. Nf3 Nf6 3. d4 b6 4. e3 Bb7 5. Bd3 Be7 6. 0-0 0-0 7. b3 d5 8. Bb2 c5 9. Nbd2 Nc6 10. Rc1 Rc8 11. Qe2 cxd4 12. exd4 Re8 13. Rfd1 Bf8 14. h3 g6 15. Qe3 Nh5 16. g4 Ng7 17. Nf1 f6 18. Ng3 Qd7 19. Qf4 Bd6 20. Qe3 Qf7 21. Bf1 Ne7 22. Bg2 g5 23. Ne2 Ng6 24. Rc2 Bf4 25. Nxf4 Nxf4 26. Bf1 h5 27. Ne1 Qg6 28. Rdc1 hxg4 29. hxg4 e5 30. Nd3 dxc4 31. bxc4 exd4 32. Nxf4 gxf4 33. Qxd4 Qxg4+ 34. Kh2 Re3 35. f3 Rxf3 36. Bg2 Rh3+ 37. Kg1 Rg3 0-1

[Event "USA-ch"]
[Site "Pasadena"]
[Date "1978.??.??"]
[Round "7"]
[White "Commons, Kim S"]
[Black "Lombardy, William James"]
[Result "1/2-1/2"]
[WhiteElo "2485"]
[BlackElo "2540"]
[PlyCount "28"]
[EventDate "1978.06.??"]
[EventType "tourn"]
[EventRounds "15"]
[EventCountry "USA"]
[EventCategory "10"]
[SourceTitle "MCD"]
[Source "ChessBase"]
[SourceDate "1999.07.01"]
[SourceVersion "1"]
[SourceVersionDate "1999.07.01"]
[SourceQuality "1"]

1. Nf3 Nf6 2. c4 c6 3. d4 d5 4. Nc3 dxc4 5. a4 Bf5 6. e3 e6 7. Bxc4 Bb4 8. 0-0 Nbd7 9. Qe2 Bg6 10. h3 a5 11. Na2 Be7 12. Nc3 Bb4 13. Na2 Be7 14. Nc3 Bb4 1/2-1/2

[Event "USA-ch"]
[Site "Pasadena"]
[Date "1978.??.??"]
[Round "3"]
[White "Commons, Kim S"]
[Black "Tarjan, James Edward"]
[Result "1/2-1/2"]
[WhiteElo "2485"]
[BlackElo "2510"]
[PlyCount "81"]
[EventDate "1978.06.??"]
[EventType "tourn"]
[EventRounds "15"]
[EventCountry "USA"]
[EventCategory "10"]
[SourceTitle "MCD"]
[Source "ChessBase"]
[SourceDate "1999.07.01"]
[SourceVersion "1"]
[SourceVersionDate "1999.07.01"]
[SourceQuality "1"]

1. d4 Nf6 2. c4 g6 3. Nc3 d5 4. Nf3 Bg7 5. cxd5 Nxd5 6. e4 Nxc3 7. bxc3 c5 8. Be2 Bg4 9. Rb1 0-0 10. 0-0 cxd4 11. cxd4 Bxf3 12. Bxf3 Bxd4 13. Bh6 Re8 14. Rxb7 Nc6 15. Qa4 Rc8 16. Be2 Qa5 17. Bb5 Qxa4 18. Bxa4 Na5 19. Rd7 Bb6 20. Rd5 Red8 21. Rxd8+ Rxd8 22. Rc1 Nb7 23. Bg5 Kf8 24. Bh6+ Kg8 25. Rd1 Rxd1+ 26. Bxd1 Bd4 27. Kf1 Nc5 28. Bc2 f6 29. Bf4 e5 30. Bd2 g5 31. Ba5 Kf7 32. Bd8 Kg7 33. Ke2 Ne6 34. Ba5 Nc5 35. h3 Nb7 36. Bc7 Nc5 37. Bb8 Nd7 38. Bd6 Nc5 39. g3 Nb7 40. Bb8 Kf8 41. Ba4 1/2-1/2

[Event "USA-ch"]
[Site "Pasadena"]
[Date "1978.??.??"]
[Round "13"]
[White "Kavalek, Lubomir"]
[Black "Commons, Kim S"]
[Result "1-0"]
[WhiteElo "2570"]
[BlackElo "2485"]
[PlyCount "59"]
[EventDate "1978.06.??"]
[EventType "tourn"]
[EventRounds "15"]
[EventCountry "USA"]
[EventCategory "10"]
[SourceTitle "MCD"]
[Source "ChessBase"]
[SourceDate "1999.07.01"]
[SourceVersion "1"]
[SourceVersionDate "1999.07.01"]
[SourceQuality "1"]

1. e4 c5 2. Nf3 d6 3. d4 cxd4 4. Nxd4 Nf6 5. Nc3 a6 6. Bg5 Nc6 7. Qd2 e6 8. 0-0-0 h6 9. Be3 Bd7 10. f4 b5 11. Bd3 Be7 12. Kb1 Qc7 13. h3 0-0 14. g4 Rfc8 15. Rhg1 Nxd4 16. Bxd4 b4 17. Ne2 e5 18. g5 hxg5 19. fxe5 Nh7 20. exd6 Qxd6 21. h4 g4 22. e5 Qc6 23. Nf4 Nf8 24. Qe2 Qh6 25. Be3 Bc5 26. Nd5 Bxe3 27. Nxe3 a5 28. Bf5 Be6 29. Nxg4 Qf4 30. Nf6+ 1-0

[Event "USA-ch"]
[Site "Pasadena"]
[Date "1978.??.??"]
[Round "4"]
[White "Shamkovich, Leonid Alexandrovic"]
[Black "Commons, Kim S"]
[Result "1-0"]
[WhiteElo "2485"]
[BlackElo "2485"]
[PlyCount "53"]
[EventDate "1978.06.??"]
[EventType "tourn"]
[EventRounds "15"]
[EventCountry "USA"]
[EventCategory "10"]
[SourceTitle "MCD"]
[Source "ChessBase"]
[SourceDate "1999.07.01"]
[SourceVersion "1"]
[SourceVersionDate "1999.07.01"]
[SourceQuality "1"]

1. e4 c6 2. d4 d5 3. exd5 cxd5 4. c4 Nf6 5. Nc3 Nc6 6. Bg5 e6 7. Nf3 Be7 8. c5 0-0 9. Bb5 Ne4 10. Bxe7 Nxe7 11. Rc1 Bd7 12. Bd3 f5 13. 0-0 Ng6 14. b4 a6 15. Re1 Nf4 16. Bf1 Be8 17. g3 Nh5 18. Ne5 Rf6 19. Bg2 Rh6 20. f3 Ng5 21. Qd2 Nf7 22. g4 Qh4 23. Nxf7 Bxf7 24. gxh5 Rxh5 25. h3 Rg5 26. Ne2 h6 27. Qf4 1-0

[Event "WchT Students 22nd final A"]
[Site "Mexico City"]
[Date "1977.08.16"]
[Round "3"]
[White "Commons, Kim S"]
[Black "Wockenfuss, Klaus"]
[Result "1/2-1/2"]
[WhiteElo "2480"]
[BlackElo "2350"]
[PlyCount "49"]
[EventDate "1977.08.14"]
[EventType "team-tourn"]
[EventRounds "9"]
[EventCountry "MEX"]
[SourceTitle "EXT 2003"]
[Source "ChessBase"]
[SourceDate "2002.11.25"]
[SourceVersion "1"]
[SourceVersionDate "2002.11.25"]
[SourceQuality "1"]
[WhiteTeam "United States"]
[BlackTeam "German Fed Rep"]
[WhiteTeamCountry "USA"]
[BlackTeamCountry "GER"]

1. c4 Nf6 2. Nc3 e6 3. Nf3 d5 4. d4 c6 5. e3 Nbd7 6. Bd3 Bb4 7. a3 Ba5 8. 0-0 0-0 9. Qc2 Bc7 10. Bd2 dxc4 11. Bxc4 e5 12. Ba2 exd4 13. exd4 Nb6 14. Bg5 Qd6 15. Rac1 a6 16. Ne4 Nxe4 17. Qxe4 Be6 18. Bb1 f5 19. Qh4 Nd5 20. Bd2 h6 21. Rfe1 Rae8 22. Re5 Qd7 23. Re2 f4 24. Ne5 Bxe5 25. Rxe5 1/2-1/2

[Event "WchT Students 22nd final A"]
[Site "Mexico City"]
[Date "1977.08.14"]
[Round "1"]
[White "Commons, Kim S"]
[Black "Sznapik, Aleksander"]
[Result "1/2-1/2"]
[WhiteElo "2480"]
[BlackElo "2405"]
[PlyCount "80"]
[EventDate "1977.08.14"]
[EventType "team-tourn"]
[EventRounds "9"]
[EventCountry "MEX"]
[SourceTitle "EXT 2003"]
[Source "ChessBase"]
[SourceDate "2002.11.25"]
[SourceVersion "1"]
[SourceVersionDate "2002.11.25"]
[SourceQuality "1"]
[WhiteTeam "United States"]
[BlackTeam "Poland"]
[WhiteTeamCountry "USA"]
[BlackTeamCountry "POL"]

1. c4 Nf6 2. Nc3 g6 3. e4 d6 4. d4 Bg7 5. Be2 0-0 6. Nf3 e5 7. 0-0 Nc6 8. d5 Ne7 9. Nd2 Ne8 10. b4 f5 11. c5 Nf6 12. f3 f4 13. Nc4 g5 14. a4 h5 15. Ba3 Ng6 16. b5 Ne8 17. a5 b6 18. cxb6 cxb6 19. Bb4 Rb8 20. axb6 axb6 21. Ra7 Rf6 22. Qa4 Nc7 23. Rc1 g4 24. Bxd6 Rxd6 25. Nxd6 Qxd6 26. Na2 gxf3 27. Raxc7 fxe2 28. Rxc8+ Rxc8 29. Rxc8+ Kh7 30. Kf2 f3 31. gxf3 Nf4 32. Rc1 Qg6 33. Ke3 Bf8 34. Qa7+ Kh6 35. Qb8 Bc5+ 36. Kd2 Qf6 37. Re1 Bd6 38. Qg8 Bc5 39. Rxe2 Nxe2 40. Kxe2 Qf4 1/2-1/2

[Event "Ivan Parcetic Memorial-07"]
[Site "Sombor"]
[Date "1976.12.02"]
[Round "8"]
[White "Commons, Kim S"]
[Black "Damjanovic, Mato"]
[Result "1/2-1/2"]
[WhiteElo "2420"]
[BlackElo "2425"]
[PlyCount "64"]
[EventDate "1976.11.24"]
[EventType "tourn"]
[EventRounds "13"]
[EventCountry "YUG"]
[SourceTitle "EXT 2003"]
[Source "ChessBase"]
[SourceDate "2002.11.25"]
[SourceVersion "1"]
[SourceVersionDate "2002.11.25"]
[SourceQuality "1"]

1. c4 e5 2. Nc3 Nf6 3. Nf3 Nc6 4. d3 Bb4 5. Bd2 0-0 6. g3 Re8 7. Bg2 a5 8. 0-0 h6 9. a3 Bxc3 10. Bxc3 a4 11. b4 axb3 12. Qxb3 d6 13. a4 Ra7 14. a5 Bg4 15. h3 Be6 16. Nd2 d5 17. Qb5 Bd7 18. cxd5 Nd4 19. Qc5 Nxe2+ 20. Kh2 b6 21. axb6 cxb6 22. Qe3 Rxa1 23. Bxa1 Nd4 24. Nc4 b5 25. Nxe5 Nc2 26. Qa7 Nxa1 27. Nxd7 Qxd7 28. Qxd7 Nxd7 29. Rxa1 Nc5 30. d6 Rd8 31. Ra8 Rxa8 32. Bxa8 Kf8 1/2-1/2

[Event "Ivan Parcetic Memorial-07"]
[Site "Sombor"]
[Date "1976.11.27"]
[Round "4"]
[White "Commons, Kim S"]
[Black "Krnic, Zdenko"]
[Result "1/2-1/2"]
[WhiteElo "2420"]
[BlackElo "2400"]
[PlyCount "125"]
[EventDate "1976.11.24"]
[EventType "tourn"]
[EventRounds "13"]
[EventCountry "YUG"]
[SourceTitle "EXT 2003"]
[Source "ChessBase"]
[SourceDate "2002.11.25"]
[SourceVersion "1"]
[SourceVersionDate "2002.11.25"]
[SourceQuality "1"]

1. d4 Nf6 2. Nf3 g6 3. c4 Bg7 4. Nc3 d5 5. cxd5 Nxd5 6. Qb3 Nb6 7. Bf4 Be6 8. Qc2 Nc6 9. Rd1 Nb4 10. Qb1 N4d5 11. Nxd5 Qxd5 12. e4 Qa5+ 13. b4 Qa3 14. Rd3 Qxa2 15. Qxa2 Bxa2 16. Ra3 Bc4 17. Bxc7 Kd7 18. Be5 f6 19. Bf4 Rhc8 20. Kd1 e6 21. Nd2 Bxf1 22. Rxf1 Bf8 23. Rb3 Na4 24. g4 Rc3 25. Rxc3 Nxc3+ 26. Kc2 Bxb4 27. Kb3 a5 28. Nc4 Ra6 29. Bd2 Nxe4 30. Bxb4 axb4 31. f3 Nd6 32. Kxb4 Ra2 33. h4 Rh2 34. Nb6+ Kc6 35. Na4 b6 36. Rc1+ Kb7 37. Re1 Rd2 38. Rxe6 Rxd4+ 39. Kb3 f5 40. h5 gxh5 41. gxf5 Nxf5 42. Rxb6+ Kc8 43. Nc5 h4 44. Rf6 Ng3 45. Rf8+ Rd8 46. Rf4 Rd5 47. Rxh4 Rxc5 48. Rxh7 Rf5 49. Kc4 Rxf3 50. Kd5 Nf5 51. Ke5 Ng3 52. Kd5 Re3 53. Rf7 Kd8 54. Kd4 Ra3 55. Ke5 Ra5+ 56. Kf4 Ke8 57. Rb7 Nf5 58. Rh7 Ne7 59. Ke4 Kd7 60. Kd4 Rg5 61. Ke4 Ke6 62. Kf4 Rg6 63. Rh5 1/2-1/2

[Event "Olympiad-22"]
[Site "Haifa"]
[Date "1976.11.09"]
[Round "13.4"]
[White "Cooper, John Grantley"]
[Black "Commons, Kim S"]
[Result "1/2-1/2"]
[WhiteElo "2310"]
[BlackElo "2420"]
[PlyCount "82"]
[EventDate "1976.10.25"]
[EventType "team-swiss"]
[EventRounds "13"]
[EventCountry "ISR"]
[SourceTitle "EXT 2000"]
[Source "ChessBase"]
[SourceDate "1999.11.16"]
[SourceVersion "1"]
[SourceVersionDate "1999.11.16"]
[SourceQuality "1"]
[WhiteTeam "Wales"]
[BlackTeam "United States"]
[WhiteTeamCountry "WLS"]
[BlackTeamCountry "USA"]

1. d4 Nf6 2. c4 e6 3. Nc3 Bb4 4. Bg5 h6 5. Bh4 c5 6. d5 d6 7. e3 g5 8. Bg3 Ne4 9. Qc2 Qf6 10. Rc1 exd5 11. cxd5 Bf5 12. Bd3 Qg6 13. Ke2 Bxc3 14. bxc3 Nd7 15. c4 b5 16. cxb5 a6 17. b6 Nxb6 18. Nf3 Nxg3+ 19. hxg3 Bxd3+ 20. Qxd3 Qxd3+ 21. Kxd3 Nxd5 22. Nxg5 Ke7 23. Ne4 Nb4+ 24. Ke2 Nxa2 25. Rc2 Nb4 26. Rd2 c4 27. Rxd6 f5 28. Rb6 Nd5 29. Rb7+ Ke6 30. Nc5+ Kd6 31. Na4 Kc6 32. Rf7 Rab8 33. Rxf5 Rb4 34. e4 Rxa4 35. Rxd5 Ra2+ 36. Ke3 Ra3+ 37. Kd4 Ra2 38. Ke3 Ra3+ 39. Kd4 Ra2 40. Rc5+ Kd6 41. Rf5 Ke7 1/2-1/2

[Event "Plovdiv"]
[Site "Plovdiv"]
[Date "1976.??.??"]
[Round "?"]
[White "Ajanski, Jordan S"]
[Black "Commons, Kim S"]
[Result "1/2-1/2"]
[WhiteElo "2345"]
[BlackElo "2420"]
[PlyCount "73"]
[EventDate "1976.??.??"]
[EventType "game"]
[EventRounds "11"]
[EventCountry "BUL"]
[SourceTitle "EXT 2010"]
[Source "ChessBase"]
[SourceDate "2010.11.25"]
[SourceVersion "1"]
[SourceVersionDate "2010.11.25"]
[SourceQuality "1"]

1. e4 c5 2. Nf3 d6 3. d4 cxd4 4. Nxd4 Nf6 5. Nc3 a6 6. Bg5 e6 7. f4 Nbd7 8. Qf3 Qc7 9. 0-0-0 b5 10. e5 Bb7 11. Qh3 dxe5 12. Nxe6 fxe6 13. Qxe6+ Be7 14. Bxb5 axb5 15. Nxb5 Qc6 16. Nd6+ Kd8 17. fxe5 Kc7 18. Qxe7 Rxa2 19. Bxf6 Ra1+ 20. Kd2 Qd5+ 21. Ke2 Qxg2+ 22. Ke3 Qf3+ 23. Kd2 Qd5+ 24. Ke2 Qf3+ 25. Kd2 Qf4+ 26. Kc3 Qe3+ 27. Rd3 Qc5+ 28. Kd2 Qf2+ 29. Kc3 Bxh1 30. Ne8+ Kb8 31. Qd8+ Ka7 32. Rxd7+ Bb7 33. Rxb7+ Kxb7 34. Qc7+ Ka6 35. Qc8+ Ka7 36. Qd7+ Kb8 37. Qc7+ 1/2-1/2

[Event "Albena-07"]
[Site "Albena"]
[Date "1975.09.??"]
[Round "9"]
[White "Commons, Kim S"]
[Black "Antonov, Lyudmil"]
[Result "1-0"]
[WhiteElo "2415"]
[BlackElo "2360"]
[PlyCount "61"]
[EventDate "1975.09.01"]
[EventType "tourn"]
[EventRounds "13"]
[EventCountry "BUL"]
[EventCategory "7"]
[SourceTitle "EXT 2022"]
[Source "ChessBase"]
[SourceDate "2021.10.06"]
[SourceVersion "1"]
[SourceVersionDate "2021.10.06"]
[SourceQuality "1"]

1. c4 c6 2. e4 d5 3. exd5 cxd5 4. d4 Nf6 5. Nc3 e6 6. Nf3 Be7 7. cxd5 Nxd5 8. Bd3 Nc6 9. 0-0 Nf6 10. a3 a6 11. Re1 0-0 12. Bc2 b5 13. Qd3 Re8 14. d5 exd5 15. Bg5 g6 16. Rxe7 Nxe7 17. Bxf6 Qd6 18. Be5 Qc6 19. Bb3 Bf5 20. Qd2 Be6 21. Nd4 Qd7 22. Qh6 f6 23. Bxf6 Nf5 24. Nxf5 d4 25. Nxd4 Bxb3 26. Nxb3 Qf7 27. Nd5 Ra7 28. Ne7+ Raxe7 29. Bxe7 Qxb3 30. Bf6 Qf7 31. Bc3 1-0

[Event "Albena-07"]
[Site "Albena"]
[Date "1975.09.??"]
[Round "4"]
[White "Commons, Kim S"]
[Black "Zichichi, Alvise"]
[Result "1-0"]
[WhiteElo "2415"]
[BlackElo "2330"]
[PlyCount "80"]
[EventDate "1975.09.01"]
[EventType "tourn"]
[EventRounds "13"]
[EventCountry "BUL"]
[EventCategory "7"]
[SourceTitle "EXT 2022"]
[Source "ChessBase"]
[SourceDate "2021.10.06"]
[SourceVersion "1"]
[SourceVersionDate "2021.10.06"]
[SourceQuality "1"]

1. c4 f5 2. Nf3 Nf6 3. g3 e6 4. Bg2 Be7 5. 0-0 0-0 6. d4 d5 7. Nc3 c6 8. Qc2 Qe8 9. Bg5 Qh5 10. e3 Na6 11. Ne2 Qe8 12. Nf4 Bd6 13. Nd3 Ne4 14. Bf4 Be7 15. Be5 g5 16. c5 Nb8 17. Nfe1 b6 18. f3 Nf6 19. Rc1 Bb7 20. Qb3 Nbd7 21. Bd6 Bxd6 22. cxd6 e5 23. dxe5 Nxe5 24. f4 Nc4 25. Rxc4 Qxe3+ 26. Kh1 dxc4 27. Qxc4+ Nd5 28. Nc2 Qe6 29. fxg5 Qxd6 30. Nd4 Rac8 31. Nxf5 Qg6 32. Nh6+ Kh8 33. Rxf8+ Rxf8 34. Bxd5 Qxg5 35. Nf7+ Rxf7 36. Bxf7 c5+ 37. Kg1 Qe3+ 38. Nf2 Qe1+ 39. Qf1 Qd2 40. Qd1 Qg5 1-0

[Event "Albena-07"]
[Site "Albena"]
[Date "1975.09.??"]
[Round "10"]
[White "Radulov, Ivan"]
[Black "Commons, Kim S"]
[Result "1-0"]
[WhiteElo "2510"]
[BlackElo "2415"]
[PlyCount "55"]
[EventDate "1975.09.01"]
[EventType "tourn"]
[EventRounds "13"]
[EventCountry "BUL"]
[EventCategory "7"]
[SourceTitle "EXT 2001"]
[Source "ChessBase"]
[SourceDate "2000.11.22"]
[SourceVersion "1"]
[SourceVersionDate "2000.11.22"]
[SourceQuality "1"]

1. e4 c6 2. d4 d5 3. Nc3 dxe4 4. Nxe4 Nd7 5. Bc4 Ngf6 6. Ng5 e6 7. Qe2 Nb6 8. Bd3 h6 9. N5f3 c5 10. dxc5 Bxc5 11. Ne5 Nbd7 12. Ngf3 Nxe5 13. Nxe5 0-0 14. Bd2 Qd5 15. 0-0-0 Qxa2 16. c3 b5 17. Bxh6 Bb7 18. Ng4 Be7 19. Bxg7 Kxg7 20. Nxf6 Kxf6 21. Qg4 Rh8 22. Bb1 Qa6 23. Rd7 Bd6 24. Re1 Bb8 25. f4 Rh5 26. g3 Bf3 27. Qxf3 Rc5 28. Qg4 1-0